| 000 -CABECERA |
| Longitud fija campo de control |
02021nom a2200325 a 4500 |
| 001 - NÚMERO DE CONTROL |
| Número de control |
991029864099706706 |
| 003 - IDENTIFICADOR DEL NÚMERO DE CONTROL |
| Identificador del número de control |
OSt |
| 005 - FECHA Y HORA DE LA ÚLTIMA TRANSACCIÓN |
| Fecha y hora de la última transacción |
20211227140707.0 |
| 008 - CÓDIGOS DE INFORMACIÓN DE LONGITUD FIJA |
| Códigos de información de longitud fija |
071113s1998 spc||| | 0 cat|c |
| 035 ## - NÚMERO DE CONTROL DEL SISTEMA |
| Número de control del sistema |
(ES-BaCBU).b67169715 |
| 040 ## - FUENTE DE LA CATALOGACIÓN |
| Centro catalogador de origen |
ES-BaCBU |
| Lengua de catalogación |
cat |
| Centro transcriptor |
CDMR |
| 043 ## - CÓDIGO DE ÁREA GEOGRÁFICA |
| Código de área geográfica |
e-sp--- |
| Código local GAC |
e-spc-- |
| Fuente del código local |
catmarc |
| 245 00 - MENCIÓN DE TÍTULO |
| Título |
1976-1998 : història de la TV infantil a Catalunya |
| Medio |
[Recurs electrònic] / |
| Mención de responsabilidad, etc. |
Festival Internacional de T.V. de Catalunya ; idea i coordinació Gabriel Bosch Martorell ; producció i textos: Raül del Bosque Gómez ; guió: Mario Chaparro Rubio. |
| 260 ## - PUBLICACIÓN, DISTRIBUCIÓN, ETC. (PIE DE IMPRENTA) |
| Lugar de publicación, distribución, etc. |
[Barcelona? : |
| Nombre del editor, distribuidor, etc. |
[s.n.], |
| Fecha de publicación, distribución, etc. |
1998?] |
| 300 ## - DESCRIPCIÓN FÍSICA |
| Extensión |
1 disc òptic (CD-ROM) : |
| Otras características físicas |
so, col.; |
| Dimensiones |
12 cm. |
| 500 ## - NOTA GENERAL |
| Nota general |
A la superfície del disc: Observatori Europeu de la T.V. Infantil. |
| 500 ## - NOTA GENERAL |
| Nota general |
Títol obtingut de la pantalla de títol. |
| 500 ## - NOTA GENERAL |
| Nota general |
Títol a la superfície del disc: Història de la T.V. infantil a Catalunya (1976-1998). |
| 520 8# - NOTA DE SUMARIO |
| Sumario, etc, |
El document recull i fa una crítica breu dels programes infantils emesos a Catalunya durant el període comprés entre 1976 i 1998 per les emissores de televisió TVE, TV3 i Canal+. També recull les dades bàsiques i els treballs més destacats de les productores i creadors i creadores de dibuixos animats i material infantil de Catalunya. Finalment el document fa un recorregut històric al llarg de l'evolució dels materials televisius adreçats exclusivament a un públic infantil, fent èmfasi en les aspectes polítics d'aquesta evolució. |
| 650 #7 - PUNTO DE ACCESO ADICIONAL DE MATERIA - TÉRMINO DE MATERIA |
| Término de materia o nombre geográfico como elemento inicial |
Televisió |
| Subdivisión de materia general |
Programes infantils |
| Subdivisión geográfica |
Catalunya |
| Subdivisión de materia general |
Història. |
| Fuente del encabezamiento o término |
lemac |
| 650 #7 - PUNTO DE ACCESO ADICIONAL DE MATERIA - TÉRMINO DE MATERIA |
| Término de materia o nombre geográfico como elemento inicial |
Televisió i infants |
| Subdivisión geográfica |
Catalunya |
| Subdivisión de materia general |
Història. |
| Fuente del encabezamiento o término |
lemac |
| 700 ## - PUNTO DE ACCESO ADICIONAL - NOMBRE DE PERSONA |
| 9 (RLIN) |
4810 |
| Nombre de persona |
Bosch Martorell, Gabriel |
| 700 ## - PUNTO DE ACCESO ADICIONAL - NOMBRE DE PERSONA |
| 9 (RLIN) |
4811 |
| Nombre de persona |
Bosque Gómez, Raül del |
| 700 ## - PUNTO DE ACCESO ADICIONAL - NOMBRE DE PERSONA |
| 9 (RLIN) |
4812 |
| Nombre de persona |
Chaparro Rubio, Mario |
| 711 2# - PUNTO DE ACCESO ADICIONAL - NOMBRE DE CONGRESO |
| Nombre de congreso o nombre de jurisdicción como elemento inicial |
Festival Internacional de T.V. de Barcelona. |
| 740 0# - PUNTO DE ACCESO ADICIONAL - TÍTULO RELACIONADO O ANALÍTICO NO CONTROLADO |
| Título relacionado o analítico no controlado |
Història de la T.V. infantil a Catalunya (1976-1998). |
| 907 ## - ELEMENTO G DATOS LOCALES, GDL (RLIN) |
| a |
.b67169715 |
| b |
23-01-21 |
| c |
04-05-16 |
| d |
04-05-16 |
| e |
m |
| f |
o |
| g |
- |
| h |
cat |
| i |
spc |
| j |
0 |
| k |
1 |
| 908 ## - CONTROL DE PARÁMETROS (RLIN) |
| Parametro de comando lanzado |
GCDSO |
| 942 ## - ENTRADA DE ELEMENTOS AGREGADOS (KOHA) |
| Fuente de clasificaión o esquema |
|
| Koha [por defecto] tipo de item |
Materials audiovisuals |